000
00354nam a2200169Ia 4500
003
IT-RoPAU
008
120407s9999 xx 000 0 und d
040
_a
IT-RoPAU
040
_c
IT-RoPAU
100
_a
Giovanni Paolo II
245
_a
Il mio Giubileo
260
_a
Paoline
300
_c
cm
490
_v
1
700
_a
Saverio Gaeta
942
_c
BK
999
_c
9272
_d
9272